Аудит бизнеса. Практика и проблемы развития

Bibliographische Detailangaben
1. Verfasser: Булыга Р. П. Роман Петрович
Weitere Verfasser: Мельник М. В. Маргарита Викторовна (редактор)
Zusammenfassung:Исследуются закономерности и перспективы развития одного из сложнейших видов профессиональной деятельности — аудита. Анализируются причины невыполнения аудиторами своей роли в период мирового экономического кризиса и меры по выводу профессии из состояния стагнации. Предлагается концепция реформирования и новая парадигма аудита XXI века, на базе которой формулируется определение аудита бизнеса, а также инновационные направления деятельности аудиторов. Приводятся предложения по изменению состава и содержания внешней отчетности организаций, реформированию правил бухгалтерского и управленческого учета, а также методические рекомендации по проведению аудита интеллектуального капитала, аудита эффективности бизнес-процессов и организации стратегического аудита. Для магистров, обучающихся по направлениям «Экономика», «Менеджмент», аспирантов, слушателей программ дополнительного профессионального образования, преподавателей вузов, руководящего персонала аудиторских фирм и саморегулируемых организаций бухгалтеров и аудиторов.
Sprache:Russisch
Veröffentlicht: Москва, ЮНИТИ, 2013
Schriftenreihe:Magister
Schlagworte:
Format: MixedMaterials Buch
KOHA link:https://koha.lib.tpu.ru/cgi-bin/koha/opac-detail.pl?biblionumber=234472

MARC

LEADER 00000nam0a2200000 4500
001 234472
005 20231101231326.0
010 |a 9785238023830 
035 |a (RuTPU)RU\TPU\book\255596 
090 |a 234472 
100 |a 20130326d2013 k y0rusy50 ca 
101 0 |a rus 
102 |a RU 
105 |a y z 001zy 
200 1 |a Аудит бизнеса. Практика и проблемы развития  |f Р. П. Булыга, М. В. Мельник  |g под ред. Р. П. Булыги 
210 |a Москва  |c ЮНИТИ  |d 2013 
215 |a 263 с. 
225 1 |a Magister 
320 |a Библиогр.: с. 215-223. 
330 |a Исследуются закономерности и перспективы развития одного из сложнейших видов профессиональной деятельности — аудита. Анализируются причины невыполнения аудиторами своей роли в период мирового экономического кризиса и меры по выводу профессии из состояния стагнации. Предлагается концепция реформирования и новая парадигма аудита XXI века, на базе которой формулируется определение аудита бизнеса, а также инновационные направления деятельности аудиторов. Приводятся предложения по изменению состава и содержания внешней отчетности организаций, реформированию правил бухгалтерского и управленческого учета, а также методические рекомендации по проведению аудита интеллектуального капитала, аудита эффективности бизнес-процессов и организации стратегического аудита. Для магистров, обучающихся по направлениям «Экономика», «Менеджмент», аспирантов, слушателей программ дополнительного профессионального образования, преподавателей вузов, руководящего персонала аудиторских фирм и саморегулируемых организаций бухгалтеров и аудиторов. 
606 1 |a Аудит  |2 stltpush  |3 (RuTPU)RU\TPU\subj\29811  |9 53071 
610 1 |a экономика 
610 1 |a бизнес 
610 1 |a методология 
610 1 |a история 
610 1 |a аудиторская деятельность 
610 1 |a США 
610 1 |a Европейский Союз 
610 1 |a Япония 
610 1 |a Россия 
610 1 |a информационное общество 
610 1 |a интеллектуальный капитал 
610 1 |a внешняя отчетность 
610 1 |a аудиторская информация 
610 1 |a новые методы 
610 1 |a монографии 
675 |a 657.6  |v 3 
700 1 |a Булыга  |b Р. П.  |g Роман Петрович 
701 1 |a Мельник  |b М. В.  |g Маргарита Викторовна 
702 1 |a Булыга  |b Р. П.  |g Роман Петрович  |4 340 
801 1 |a RU  |b 63413507  |c 20130326 
801 2 |a RU  |b 63413507  |c 20130911  |g RCR 
900 |a Аудит 
942 |c BK 
959 |a 35/20130213  |d 1  |e 400,00  |f ЧЗГЛ:1